Himage /

Uloženo v:
Podrobná bibliografie
Hlavní autor: Plowright, Richard
Médium: Kniha
Jazyk:angličtina
Vydáno: Boston
Tagy: Přidat tag
Žádné tagy, Buďte první, kdo vytvoří štítek k tomuto záznamu!

MARC

LEADER 00000nam a2200000 4500
001 CDOM0000003751
003 mi
005 20251009192257.0
008 251009b |||||||| |||| 00| 0 eng d
040 |c mi 
100 |a Plowright, Richard 
245 1 |a Himage /  |c Richard Plowright 
260 |a Boston 
942 |2 ddc  |c BK 
952 |0 0  |1 0  |2 ddc  |4 0  |7 0  |9 6964  |a MI  |b MI  |d 2009-08-26  |i 5464  |l 0  |p CDOM5464  |r 2025-07-13 16:28:00  |w 2025-07-13  |x ACQUISTO  |y BK 
999 |c 5686  |d 5686